Normal view
MARC view
Entry Personal Name
001 - CONTROL NUMBER
- control field: 8848
003 - CONTROL NUMBER IDENTIFIER
- control field: OSt
005 - DATE AND TIME OF LATEST TRANSACTION
- control field: 20160517144707.0
008 - FIXED-LENGTH DATA ELEMENTS
- fixed length control field: 160517|| aca||aabn | a|a d
040 ## - CATALOGING SOURCE
- Original cataloging agency: OSt
- Transcribing agency: OSt
100 ## - HEADING--PERSONAL NAME
- Personal name: Walter,J.B;Israel,M.S;
670 ## - SOURCE DATA FOUND
- Source citation: Work cat.: (OSt): Walter,J.B;Israel,M.S;, General Pathology:, 1987.
